[Event "Imperia op-A 50th"]
[Site "Imperia"]
[Date "2018.09.07"]
[Round "7.9"]
[White "Dritsakos, Alessio"]
[Black "Simeone, Giulio Maria"]
[Result "1/2-1/2"]
[WhiteElo "2002"]
[BlackElo "1826"]
[PlyCount "54"]
[EventDate "2018.09.02"]
[EventType "swiss"]
[EventRounds "9"]
[EventCountry "ITA"]
[SourceTitle "EXT 2024"]
[Source "ChessBase"]
[SourceDate "2023.10.10"]
[SourceVersion "1"]
[SourceVersionDate "2023.10.10"]
[SourceQuality "1"]

1. e4 c5 2. Nc3 g6 3. g3 Bg7 4. Bg2 Nc6 5. Nge2 e6 6. d3 Nge7 7. 0-0 0-0 8. Be3 Nd4 9. Qd2 d5 10. Nf4 g5 11. Nh5 f6 12. Nxg7 Kxg7 13. f4 h6 14. fxg5 hxg5 15. e5 Nef5 16. exf6+ Qxf6 17. g4 Nxc2 18. Bxg5 Qd4+ 19. Kh1 Qxg4 20. Rac1 Ncd4 21. Nxd5 exd5 22. Bh6+ Nxh6 23. Rxf8 Kxf8 24. Qxh6+ Qg7 25. Rf1+ Bf5 26. Qd6+ Qe7 27. Qh6+ Qg7 1/2-1/2

[Event "Imperia op-A 50th"]
[Site "Imperia"]
[Date "2018.09.03"]
[Round "2.12"]
[White "Simeone, Giulio Maria"]
[Black "Cugini, Verter"]
[Result "1/2-1/2"]
[WhiteElo "1826"]
[BlackElo "2065"]
[PlyCount "86"]
[EventDate "2018.09.02"]
[EventType "swiss"]
[EventRounds "9"]
[EventCountry "ITA"]
[SourceTitle "EXT 2024"]
[Source "ChessBase"]
[SourceDate "2023.10.10"]
[SourceVersion "1"]
[SourceVersionDate "2023.10.10"]
[SourceQuality "1"]

1. Nf3 g6 2. g3 Bg7 3. d4 Nf6 4. Bg2 d5 5. 0-0 0-0 6. c4 c6 7. Nc3 Bf5 8. Nh4 Be6 9. cxd5 cxd5 10. Qb3 Qd7 11. Nf3 Nc6 12. Rd1 Ne4 13. Ne5 Nxe5 14. Nxe4 dxe4 15. dxe5 Qc7 16. Qe3 Rfd8 17. Bd2 Qxe5 18. Bc3 Qb5 19. Qxe4 Bxc3 20. bxc3 Rxd1+ 21. Rxd1 Rb8 22. Bf3 b6 23. Qh4 Qc5 24. Kg2 Re8 25. Qa4 b5 26. Qa5 Rc8 27. Rd3 Kg7 28. Qa6 Rb8 29. Qa5 Qb6 30. Qb4 Kf8 31. a3 a5 32. Qh4 h5 33. Qg5 Rc8 34. Be4 Bc4 35. Rd7 Qe6 36. Rd4 Kg7 37. Bf3 Bxe2 38. Bd5 Qf6 39. Qe3 e5 40. Re4 Bc4 41. Bxc4 Rxc4 42. Rxc4 bxc4 43. Qc5 e4 1/2-1/2

[Event "Bratto op-C 35th"]
[Site "Bratto"]
[Date "2015.08.28"]
[Round "6.15"]
[White "Simeone, Giulio Maria"]
[Black "Picasso, Filippo"]
[Result "1-0"]
[WhiteElo "1571"]
[BlackElo "1483"]
[PlyCount "39"]
[EventDate "2015.08.23"]
[EventType "swiss"]
[EventRounds "8"]
[EventCountry "ITA"]
[SourceTitle "EXT 2022"]
[Source "ChessBase"]
[SourceDate "2021.10.06"]
[SourceVersion "1"]
[SourceVersionDate "2021.10.06"]
[SourceQuality "1"]

1. Nf3 d5 2. c4 e6 3. g3 Nf6 4. Bg2 Bc5 5. b3 Nc6 6. Bb2 Bd7 7. d4 Bb4+ 8. Nc3 Ne4 9. Rc1 Qe7 10. 0-0 0-0 11. e3 f5 12. Rc2 dxc4 13. bxc4 Nxc3 14. Bxc3 Bxc3 15. Rxc3 a5 16. a3 Qf6 17. Rb3 b6 18. Ne5 Nxe5 19. dxe5 Qxe5 20. Qxd7 1-0

[Event "Bratto op-C 35th"]
[Site "Bratto"]
[Date "2015.08.26"]
[Round "4.18"]
[White "Strada, Giorgio"]
[Black "Simeone, Giulio Maria"]
[Result "0-1"]
[WhiteElo "1365"]
[BlackElo "1571"]
[PlyCount "86"]
[EventDate "2015.08.23"]
[EventType "swiss"]
[EventRounds "8"]
[EventCountry "ITA"]
[SourceTitle "EXT 2022"]
[Source "ChessBase"]
[SourceDate "2021.10.06"]
[SourceVersion "1"]
[SourceVersionDate "2021.10.06"]
[SourceQuality "1"]

1. d4 d5 2. c4 e6 3. Nf3 Nf6 4. Bg5 Be7 5. Nc3 b6 6. e3 Bb7 7. Bxf6 Bxf6 8. cxd5 exd5 9. Qa4+ c6 10. Bd3 0-0 11. 0-0 Nd7 12. Rac1 a6 13. Ne2 Rc8 14. Bf5 g6 15. Bg4 h5 16. Bh3 b5 17. Qb4 Be7 18. Qd2 Rc7 19. b4 Nb6 20. Rc2 Nc4 21. Qc1 Bxb4 22. Ne5 Nxe5 23. dxe5 Re8 24. e6 fxe6 25. Nf4 Kf7 26. Qb1 Bd6 27. Re2 Bxf4 28. exf4 Qf6 29. Re3 c5 30. Rfe1 Rce7 31. g3 d4 32. Rd3 c4 33. Rd2 d3 34. Qb4 Rd7 35. Rc1 Rc8 36. Rc3 Qe7 37. Qxe7+ Kxe7 38. a3 a5 39. Bf1 Be4 40. h3 b4 41. axb4 axb4 42. Rc1 c3 43. Rdd1 d2 0-1